Architecture and independence : (Record no. 134847)

MARC details
000 -LEADER
fixed length control field 00944nam a22002537a 4500
005 - DATE AND TIME OF LATEST TRANSACTION
control field 20170124110236.0
010 ## - LIBRARY OF CONGRESS CONTROL NUMBER
LC control number B-011532
020 ## - INTERNATIONAL STANDARD BOOK NUMBER
Terms of availability 695.00
International Standard Book Number 9780195652475
035 ## - SYSTEM CONTROL NUMBER
System control number B-011532
037 ## - SOURCE OF ACQUISITION
Source of stock number/acquisition Cen Lib/Ret
040 ## - CATALOGING SOURCE
Original cataloging agency DPL
Language of cataloging EN
082 ## - DEWEY DECIMAL CLASSIFICATION NUMBER
Classification number 725.0954
Item number LAN
100 ## - MAIN ENTRY--PERSONAL NAME
Personal name Lang, Jon
9 (RLIN) 41953
245 ## - TITLE STATEMENT
Title Architecture and independence :
Statement of responsibility, etc by Jon T. Lang, Madhavi Desai [and] Miki Desai
Remainder of title the search for identity--India 1880 to 1980 /
260 ## - PUBLICATION, DISTRIBUTION, ETC. (IMPRINT)
Place of publication, distribution, etc New Delhi
Name of publisher, distributor, etc Oxford University Press
Date of publication, distribution, etc 2000
270 ## - ADDRESS
City New Delhi
Address YMCA Library Building, Jai Singh Road
Postal code 110001
300 ## - PHYSICAL DESCRIPTION
Extent xix, 347p. :
Dimensions 30m(pbk)
Other physical details ill.
500 ## - GENERAL NOTE
General note Includes bibliographical references and index<br/>
650 ## - SUBJECT ADDED ENTRY--TOPICAL TERM
Topical term or geographic name as entry element Architecture -- India -- History -- 20th century
9 (RLIN) 41954
650 ## - SUBJECT ADDED ENTRY--TOPICAL TERM
Topical term or geographic name as entry element Architecture, Modern -- India -- 20th century
9 (RLIN) 41955
700 ## - ADDED ENTRY--PERSONAL NAME
Personal name Desai, Madhavi
9 (RLIN) 41956
700 ## - ADDED ENTRY--PERSONAL NAME
Personal name Desai, Miki
9 (RLIN) 41957
942 ## - ADDED ENTRY ELEMENTS (KOHA)
Source of classification or shelving scheme Dewey Decimal Classification
Koha item type English Books
Classification part 725.0954
Call number suffix LAN
Holdings
Withdrawn status Lost status Damaged status Not for loan Collection code Home library Current library Date acquired Source of acquisition Cost, normal purchase price Total Checkouts Full call number Barcode Date last seen Copy number Cost, replacement price Price effective from Koha item type
      Not For Loan Reference Central Library Central Library 31/07/2015 Cen Lib/Ret 695.00   725.0954 LAN B-011532 31/07/2015 1 695.00 31/07/2015 English Books

© Delhi Public Library
Hit Counter
free hit counter